Responses for Show #6656 - Monday, July 22, 2013

Contestants

[<< previous game]

Mary Nadal, a stay-at-home mom from Las Vegas, Nevada

Patrick Geary, a preloader from Sheridan, Wyoming

Alan Baltis, a software developer and consultant from Lakewood, Ohio (whose 1-day cash winnings total $2,199)

[next game >>]

Jeopardy! Round responses

SEE FOOD
'60s SPEECHES
.orgANIZATIONS
THE OED "PAL" COMPLEX
AGE AIN'T NOTHIN' BUT A NUMBER
ANIMAL GROUPS
    $200 11
caviar

Alan
    $200 26
(Alan: Who is Martin Luther King in "I had a dream"?)
[Originally ruled correct, it was later ruled incorrect as it was not from that speech.]

Martin Luther King

Alan
Triple Stumper
    $200 6
the United Negro College Fund

Mary
    $200 21
a palace

Alan
    $200 15
Rob Lowe

Mary
    $200 1
troops

Alan
    $400 12
calamari

Alan
    $400 27
(Alan: Who is JFK?)

RFK (Robert Kennedy)

AlanPatrick
    $400 7
Phi Beta Kappa

Mary
    $400 22
the palate

Mary
    $400 17
Chuck Norris

Mary
    $400 2
flamingoes

Alan
    $600 13
duchess potatoes

Triple Stumper
    $1,200 28
Nikita Khrushchev

Patrick
    $600 8
the Knights of Columbus

Patrick
    $600 23
a palette

Alan
    $600 18
(James) Lipton

Mary
    $600 3
porcupines

Alan
    $800 14
(Mary: What are tamales?)

taquitos

Mary
Triple Stumper
    $800 29
(George) Wallace

Mary
    $800 9
Natural Resources

Patrick
    $800 24
Paleolithic

Alan
    $800 19
Mariska Hargitay

Mary
    $800 4
a lizard

Mary
    $1000 16
papaya

Triple Stumper
    $1000 30
General Douglas MacArthur

Triple Stumper
    $1000 10
Cat Fanciers'

Patrick
    $1000 25
a palisade

Patrick
    $1000 20
Dr. Sheldon Cooper

Triple Stumper
    $1000 5
buffalo

Alan

Scores at the first commercial break (after clue 15):

Alan Patrick Mary
$2,800 $2,400 $800

Scores at the end of the Jeopardy! Round:

Alan Patrick Mary
$3,800 $5,000 $3,800

Double Jeopardy! Round responses

ASTROMANIA
AROUND THE U.S.A.
WORD & PHRASE ORIGINS
HISTORICAL NOVELS
NATIONAL THINGS
ANIMAL GROUPS
    $400 21
Jupiter

Alan
    $400 1
[Alan selected the first clue.]

a mint

Mary
    $400 11
(Patrick: Who is Doc Holliday?)

Wild Bill Hickok

AlanPatrick
    $400 6
German measles

Mary
    $400 16
(Alan: Who are the Dixie Chicks?)

The Pussycat Dolls

AlanMary
    $800 22
a comet

Patrick
    $800 2
(Alan: "She sells seashells by the seashore"?)
(Alex: ...No.)
(Mary: "Sally sells seashells by the seashore"?)
...
(Alex: Alan, you had it right, except you didn't phrase it in the form of a question, and you have to do that in Double Jeopardy!)

"She sells seashells by the seashore."

AlanMary
Triple Stumper
    $800 12
Napoleon

Patrick
    $800 7
Greek Yogurt

Mary
    $800 17
The Eagles

Alan
    $1200 25
[End-of-round signal sounds.]

North Pole

Mary
    $1200 3
cursive

Alan
    $1200 13
Lady Jane Grey

Patrick
    $1200 8
a Japanese beetle

Triple Stumper
    $1200 18
Flock of Seagulls

Alan
    $1600 24
Galveston

Mary
    $4,200 4
(Alan: [exhales] ...)

a perfect storm

Alan
    $3,400 14
(the Battle of) Thermopylae

Patrick
    $1600 9
Egyptian cotton

Mary
    $1600 19
(Mary: Who are The Alley Cats?)

The Stray Cats

AlanMary
    $2000 23
Forks

Patrick
    $2000 5
a lothario

Alan
    $2000 15
Ragtime

Alan
    $2000 10
the Hungarian Rhapsodies

Mary
    $2000 20
Blue Oyster Cult

Mary

Scores at the end of the Double Jeopardy! Round:

Alan Patrick Mary
$8,000 $12,800 $11,800

[wagering suggestions for these scores]

Final Jeopardy! Round responses

SPORTS GEOGRAPHY
AlanWhat Cleveland, OH
$6,000
MaryWhat is Columbus?
$0
PatrickWhat is Cleveland Canton
$11,000
Canton, Ohio

Final scores:

Alan Patrick Mary
$2,000 $23,800 $11,800
3rd place: $1,000 New champion: $23,800 2nd place: $2,000

Game dynamics:

Coryat scores:

Alan Patrick Mary
$12,200 $10,400 $11,800
17 R,
5 W
(including 1 DD)
11 R
(including 2 DDs),
1 W
18 R,
3 W

Combined Coryat: $34,400

[game clues] [game scores] [suggest correction]

Game tape date: 2013-04-16
The J! Archive is created by fans, for fans. Scraping, republication, monetization, and malicious use prohibited; this site may use cookies and collect identifying information. See terms. The Jeopardy! game show and all elements thereof, including but not limited to copyright and trademark thereto, are the property of Jeopardy Productions, Inc. and are protected under law. This website is not affiliated with, sponsored by, or operated by Jeopardy Productions, Inc. Join the discussion at JBoard.tv.